Reseña geográfica, histórica y estadística de la República Dominicana / (Registro nro. 135172)

Detalles MARC
000 -LEADER
campo de control de longitud fija 00896nam a2200229 i 4500
001 - NÚMERO DE CONTROL
campo de control 135172
003 - IDENTIFICADOR DE NÚMERO DE CONTROL
campo de control ES-MaACL
005 - FECHA Y HORA DE LA ÚLTIMA TRANSACCIÓN
campo de control 20230906194824.0
007 - CAMPO FIJO DE DESCRIPCIÓN FÍSICA--INFORMACIÓN GENERAL
campo de control de longitud fija t|
008 - DATOS DE LONGITUD FIJA--INFORMACIÓN GENERAL
campo de control de longitud fija 070711s1948 dr ab |||| | spa d
100 1# - ENTRADA PRINCIPAL--NOMBRE DE PERSONA
Nombre de persona Tolentino Rojas, Vicente.
9 (RLIN) 110459
245 10 - MENCIÓN DEL TÍTULO
Título Reseña geográfica, histórica y estadística de la República Dominicana /
Mención de responsabilidad, etc. por Vicente Tolentino Rojas.
250 ## - MENCION DE EDICION
Mención de edición Ed. rev. y aum.
260 ## - PUBLICACIÓN, DISTRIBUCIÓN, ETC.
Lugar de publicación, distribución, etc. Ciudad Trujillo :
Nombre del editor, distribuidor, etc. Sección de Publicaciones,
Fecha de publicación, distribución, etc. 1948.
300 ## - DESCRIPCIÓN FÍSICA
Extensión 3 h., 86 p., 1 map. pleg. :
Otras características físicas il. ;
Dimensiones 21 cm.
596 ## - NOTA AL PIE DE IMPRENTA
NOTA AL PIE DE IMPRENTA Precede al tít.: Dirección General de Estadística.
597 ## - NOTA DE DESCRIPCIÓN FÍSICA
NOTA DE DESCRIPCIÓN FÍSICA Ejemplar mecanografiado.
651 #4 - PUNTO DE ACCESO ADICIONAL DE MATERIA--NOMBRE GEOGRÁFICO
Nombre geográfico República Dominicana-
Subdivisión general Descripción.
9 (RLIN) 142154
651 #4 - PUNTO DE ACCESO ADICIONAL DE MATERIA--NOMBRE GEOGRÁFICO
Nombre geográfico República Dominicana-
Subdivisión general Historia-
Subdivisión cronológica 1930-1961.
9 (RLIN) 155367
710 1# - ENTRADA AGREGADA--NOMBRE DE ENTIDAD CORPORATIVA
Nombre de entidad corporativa o nombre de jurisdicción como elemento de entrada República Dominicana.
Unidad subordinada Dirección General de Estadística.
9 (RLIN) 169305
852 ## - LOCALIZACIÓN
Ubicación ES-MaACL
Número de control de estantería 1888-F-14
Existencias
Estatus retirado Estado de pérdida Estado de daño No para préstamo Colección Biblioteca de origen Biblioteca actual Ubicación en estantería Fecha de adquisición Fuente de adquisición Total de préstamos Signatura topográfica completa Código de barras Visto por última vez Precio de reemplazo Tipo de ítem Koha
        Colección de folletos Biblioteca del Ateneo de Madrid Biblioteca del Ateneo de Madrid Depósito folletos 17/01/2008     1888-F-14 1140691 23/02/2023 23/02/2023 Folleto